| 000 | 00391nam a22001337a 4500 | ||
|---|---|---|---|
| 020 | _a9781785923760 | ||
| 040 | _cNUST | ||
| 082 | _a649.1 NAI | ||
| 100 |
_aNaish, Sarah _9111335 |
||
| 245 |
_aThe A-Z of Therapeutic Parenting : _bStrategies and Solutions |
||
| 260 |
_aLondon: _bJessica Kingsley Publishers, _c2018. |
||
| 650 |
_aParenting--Psychological Aspects _9111366 |
||
| 942 |
_2ddc _cBK |
||
| 999 |
_c594230 _d594230 |
||